00878nam a2200253 a 450000100060000000300090000600800410001502000180005604000280007408200180010210000180012024501380013825000120027626000350028830000240032365000140034765000250036165000310038665000160041770000200043394200120045399900170046595201420048226727CO-ViMGA141112s2004 ck r 000 u spa d a9789974690394 aCO-ViMGAbspacCO-ViMGA04aI809.899 D13v1 aDahl, Michael10aSi tú fueras un verbo / cMichael Dahl ; adaptación y traducción al español Equipo Editorial Cypres ; ilustraciones Sara Gray a1a. ed. aUruguay : bLatinbooks, c2010 a24 p. : il. ; 24 cm14aLenguaje 14aLibro didácticos 14aLiteratura infantil 9274614aVerbo939171 aGray, Sara, il. 2ddccBK c10074d10074 00102ddc40708001aMEVIGAELAbMEVIGAELAd2015-12-04h19/feb/2015l0oI809.899 D13v p28247r2015-12-04 00:00:00tEj. 1w2015-12-04yBK